000 00523nam a2200229Ia 4500
003 EC-GqESP
005 20260320115132.0
008 250425s9999 xx 000 0 und d
010 _a21381
041 _aspa
082 _a621.38153
100 _aGRAY, T.G.F.
245 0 _aPRINCIPIOS DE ELECTRONICA; ELECTRONICA FISICA
250 _aS.E.
260 _aS.L.
260 _aSin Pais
_bREVERTE
_c1973
300 _a1102
650 _aCIRCUITOS
650 _aMODELOS
650 _aSEMICONDUCTORES
942 _c01
999 _c210210
_d210210